000 00636pam a2200229 a 4500
001 4173863
005 20180207074600.0
008 810302s1981 kyu b s001 0 eng
010 _a 79057573
020 _a0813114276
040 _aDLC
_cDLC
_dDLC
041 _aeng
043 _an-us---
080 _a810.9382 SHUR
082 0 0 _a810.9382 SHUR
_219
100 1 _a21
101 _aGJL
245 1 0 _aRappaccini's children :
_cWilliam H. Shurr.
504 _aIncludes bibliographical references and index.
906 _a7
_bcbc
_corignew
_d1
_eocip
_f19
_gy-gencatlg
942 _2ddc
_cBK
999 _c42022
_d42022